Sports Quiz

Random Sports or NFL Quiz

20,000 passing & 1,500 rushing Quiz Stats

 Plays Quiz not verified by Sporcle

Also try: NBA Coaching Wins
Challenge
Share
Tweet
Embed
Score 0/25 Timer 04:00
0 Plays Today
Passing [Rushing] Player % Correct
71838 [1844]Brett Favre
97.3%
51475 [3407]John Elway
96.8%
40551 [1676]Joe Montana
91.7%
36250 [3400]Donovan McNabb
91.2%
33124 [4239]Steve Young
90.7%
49325 [1736]Warren Moon
85.8%
27989 [2257]Terry Bradshaw
84.6%
46233 [1661]Vinny Testaverde
80.8%
31304 [3590]Steve McNair
79.8%
37920 [1598]Boomer Esiason
77.9%
29253 [1853]Jake Plummer
77%
29979 [4928]Randall Cunningham
74.7%
22279 [2204]Roger Staubach
73%
Passing [Rushing] Player % Correct
24153 [2652]Daunte Culpepper
70.8%
25537 [2140]Jeff Garcia
70.6%
32045 [2421]Mark Brunell
68.2%
20261 [1534]Aaron Brooks
62.5%
23911 [2197]Archie Manning
61.7%
32838 [2220]Ken Anderson
56.7%
25206 [1815]Joe Theismann
56.7%
28743 [2449]Rich Gannon
55.5%
26288 [2787]Jim Harbaugh
40.4%
26886 [2176]Steve Grogan
34%
21711 [2027]Jeff Blake
22.7%
21115 [1504]Jim Zorn
20.9%

You're not logged in!

Compare scores with friends on all Sporcle quizzes.
Join for Free
OR
Log In

You Might Also Like...

Show Comments

Extras

Created Feb 5, 2011SourceReportNominate
Tags:NFL Quiz

Top Quizzes Today


Score Distribution

Your Account Isn't Verified!

In order to create a playlist on Sporcle, you need to verify the email address you used during registration. Go to your Sporcle Settings to finish the process.

Report this User

Report this user for behavior that violates our Community Guidelines.

Details: